| 000 | 01615cam a2200181 4500500 | ||
|---|---|---|---|
| 005 | 20251228094948.0 | ||
| 041 | _afre | ||
| 042 | _adc | ||
| 100 | 1 | 0 |
_aMotoret, Laurence _eauthor |
| 245 | 0 | 0 | _aLa Grenouille de Salamanque |
| 260 | _c2013. | ||
| 500 | _a93 | ||
| 520 | _aDifficile pour le touriste de quitter Salamanque sans la représentation d’une grenouille dans son bagage. Mais LA grenouille, la vraie, l’unique, est cachée dans les sculptures qui ornent la façade de la plus vieille université d’Espagne. Elle aurait le pouvoir secret de faire réussir aux examens les étudiants qui la distinguent au milieu des innombrables fioritures… | ||
| 520 | _aIt would be difficult for a tourist to leave Salamanca without at least one representation of a frog in his luggage. But the one true, unique frog is hidden in the sculptures that decorate the façade of Spain’s oldest university. It is said to grant those students who are able to locate it amongst innumerable flourishes the secret power to pass their exams. | ||
| 520 | _aÉ impossível o turista deixar Salamanca sem levar na sua bagagem a representação de uma rã. Mas A rã, a verdadeira e única rã, é a que se esconde por entre as esculturas que ornamentam a fachada da mais antiga universidade de Espanha. O seu segredo consistiria em garantir o sucesso nos exames aos estudantes que conseguissem vislumbrá-la no meio dos inúmeros adornos da fachada. | ||
| 786 | 0 | _nSigila | 32 | 2 | 2013-10-01 | p. 109-113 | 1286-1715 | |
| 856 | 4 | 1 | _uhttps://shs.cairn.info/revue-sigila-2013-2-page-109?lang=fr&redirect-ssocas=7080 |
| 999 |
_c1605229 _d1605229 |
||